00463nam a22001577a 4500003000900000005001700009008004000026020001500066040002200081082001500103100001800118245007700136260004300213300002900256700002000285DO-SdBNP20171127113526.0161031b 1987 xxu a 00| 0 spa d a0910079056 aBPMSUbspacBPMSU axxxxbxxxx aJensen, Karen10aGoldilocks and the three bears /cKaren Jensen ; ilustración Lucy Rigg aWashington : bLucy & company, c1987. a[16] p. : bil.c25 cm. 1 aRigg, Lucyeil.